| 000 | nam a22 7a 4500 | ||
|---|---|---|---|
| 999 |
_c19221 _d19221 |
||
| 008 | 170114b xxu||||| |||| 00| 0 eng d | ||
| 050 | _aNC703 .E5 1953 | ||
| 100 | _aEmerson,Sybil | ||
| 245 |
_aDesign : _ba creative approach/ _cSybil Emerson |
||
| 260 |
_aScranton : _bInternational Textbook Company, _c©1953. |
||
| 300 |
_axv, 125p. : _bill. ; |
||
| 500 | _aincludes index. | ||
| 650 | _a Design. | ||
| 942 |
_2lcc _cBOOKS _hNC703 .E5 1953 |
||